000 00410nam a2200157 4500
001 122415
003 ES-MaACL
005 20230906191955.0
007 t|
008 070214s1905 it r ||||1| ita d
100 1 _aPucci, Angiolo.
_994109
245 1 3 _aLe orchidee /
_cAngiolo Pucci.
260 _aMilano :
_bUlrico Hoepli,
_c1905.
300 _aXII, 303 p. :
_bil. ;
_c15 cm.
852 _aES-MaACL
_jF-4543
999 _c122415
_d122415